[Event "European Senior Team Championship 2021"]
[Site "Don Giovanni hotel, Vinohradska 2733, Prague, Czech Republic"]
[Date "2021.08.30"]
[Round "1"]
[Board "2"]
[White "Mrva, Martin"]
[Black "Kubikova, Hana"]
[Result "1-0"]
[WhiteElo "2387"]
[BlackElo "2070"]
[PlyCount "0"]
[EventDate "2021.08.30"]
[EventType "team"]
[EventRounds "9"]
[EventCountry "ECX"]
[WhiteTeam "SLOVAKIA"]
[BlackTeam "CZECH REPUBLIC WOMEN"]

1. e4 {[%clk 1:30:56]} c5 {[%clk 1:30:49]} 2. Nf3 {[%clk 1:31:21]} Nf6
{[%clk 1:31:05]} 3. Nc3 {[%clk 1:30:34]} Nc6 {[%clk 1:31:10]} 4. Bb5
{[%clk 1:30:11]} Nd4 {[%clk 1:27:59]} 5. e5 {[%clk 1:30:09]} Nxb5
{[%clk 1:27:19]} 6. Nxb5 {[%clk 1:30:29]} Nd5 {[%clk 1:26:33]} 7. O-O
{[%clk 1:30:35]} a6 {[%clk 1:25:11]} 8. Nc3 {[%clk 1:29:42]} Nxc3
{[%clk 1:24:10]} 9. dxc3 {[%clk 1:29:41]} d5 {[%clk 1:23:24]} 10. exd6
{[%clk 1:16:38]} Qxd6 {[%clk 1:20:04]} 11. Qxd6 {[%clk 1:07:56]} exd6
{[%clk 1:20:24]} 12. Bf4 {[%clk 1:07:00]} Be6 {[%clk 1:17:41]} 13. Rad1
{[%clk 1:06:24]} O-O-O {[%clk 1:16:45]} 14. Ng5 {[%clk 1:05:44]} Be7
{[%clk 1:15:26]} 15. Nxe6 {[%clk 1:05:22]} fxe6 {[%clk 1:15:51]} 16. Rfe1
{[%clk 1:05:42]} e5 {[%clk 1:14:44]} 17. Bg3 {[%clk 1:05:28]} Rhf8
{[%clk 1:10:42]} 18. Rd5 {[%clk 1:02:42]} h5 {[%clk 1:08:07]} 19. Re4
{[%clk 0:56:26]} g5 {[%clk 1:07:05]} 20. h3 {[%clk 0:56:48]} Rf7 {[%clk 1:06:13]}
21. f3 {[%clk 0:55:47]} Rg8 {[%clk 1:05:10]} 22. b4 {[%clk 0:48:50]} b6
{[%clk 1:04:11]} 23. Rd1 {[%clk 0:40:56]} h4 {[%clk 1:01:10]} 24. Bh2
{[%clk 0:38:48]} Rd8 {[%clk 0:59:58]} 25. Kf1 {[%clk 0:35:27]} Kc7
{[%clk 0:56:03]} 26. Ke2 {[%clk 0:33:04]} Kc6 {[%clk 0:55:26]} 27. bxc5
{[%clk 0:31:19]} bxc5 {[%clk 0:54:19]} 28. Rb1 {[%clk 0:31:36]} Ra8
{[%clk 0:53:24]} 29. c4 {[%clk 0:28:48]} Bd8 {[%clk 0:52:15]} 30. Bg1
{[%clk 0:27:59]} Rb7 {[%clk 0:45:52]} 31. Rxb7 {[%clk 0:28:09]} Kxb7
{[%clk 0:46:20]} 32. Re3 {[%clk 0:28:30]} Kc6 {[%clk 0:45:38]} 33. Rb3
{[%clk 0:28:01]} Be7 {[%clk 0:44:25]} 34. Kd3 {[%clk 0:27:59]} Rf8
{[%clk 0:43:59]} 35. Be3 {[%clk 0:25:24]} Bd8 {[%clk 0:28:29]} 36. Ke4
{[%clk 0:25:27]} a5 {[%clk 0:20:14]} 37. a4 {[%clk 0:23:03]} Be7 {[%clk 0:17:06]}
38. Rb5 {[%clk 0:21:45]} Bd8 {[%clk 0:16:52]} 39. Bd2 {[%clk 0:21:40]} Rf7
{[%clk 0:12:33]} 40. Rb8 {[%clk 0:20:26]} Rd7 {[%clk 0:10:44]} 41. Bc3
{[%clk 0:17:25]} Bc7 {[%clk 0:03:29]} 42. Rc8 {[%clk 0:13:44]} Kb7
{[%clk 0:28:47]} 43. Rg8 {[%clk 0:43:23]} Kc6 {[%clk 0:25:26]} 44. Rxg5
{[%clk 0:42:59]} d5+ {[%clk 0:23:51]} 45. cxd5+ {[%clk 0:42:10]} Rxd5
{[%clk 0:24:16]} 46. f4 {[%clk 0:40:53]} Rd1 {[%clk 0:21:25]}  1-0

[Event "European Senior Team Championship 2021"]
[Site "Don Giovanni hotel, Vinohradska 2733, Prague, Czech Republic"]
[Date "2021.08.30"]
[Round "1"]
[Board "3"]
[White "Svobodova, Michaela"]
[Black "Plachetka, Jan"]
[Result "1/2-1/2"]
[WhiteElo "1919"]
[BlackElo "2307"]
[PlyCount "0"]
[EventDate "2021.08.30"]
[EventType "team"]
[EventRounds "9"]
[EventCountry "ECX"]
[WhiteTeam "CZECH REPUBLIC WOMEN"]
[BlackTeam "SLOVAKIA"]

1. e4 {[%clk 1:30:53]} e5 {[%clk 1:30:37]} 2. Nf3 {[%clk 1:31:14]} Nc6
{[%clk 1:30:58]} 3. Nc3 {[%clk 1:31:36]} g6 {[%clk 1:30:35]} 4. d4
{[%clk 1:29:16]} exd4 {[%clk 1:30:16]} 5. Nxd4 {[%clk 1:28:50]} Bg7
{[%clk 1:29:57]} 6. Nxc6 {[%clk 1:26:52]} bxc6 {[%clk 1:30:12]} 7. Bc4
{[%clk 1:25:20]} d6 {[%clk 1:29:10]} 8. O-O {[%clk 1:22:39]} Ne7 {[%clk 1:24:13]}
9. Qf3 {[%clk 1:16:12]} O-O {[%clk 1:21:15]} 10. Bg5 {[%clk 1:14:44]} h6
{[%clk 1:20:48]} 11. Bf6 {[%clk 1:12:23]} Be6 {[%clk 1:18:27]} 12. Bb3
{[%clk 1:11:00]} Qd7 {[%clk 1:17:19]} 13. h3 {[%clk 1:04:36]} g5 {[%clk 1:06:31]}
14. Bxg7 {[%clk 0:58:30]} Kxg7 {[%clk 1:06:27]} 15. Rad1 {[%clk 0:50:40]} Ng6
{[%clk 1:04:43]} 16. Ne2 {[%clk 0:46:49]} c5 {[%clk 0:56:43]} 17. Bd5
{[%clk 0:37:25]} Rab8 {[%clk 0:55:47]} 18. Ng3 {[%clk 0:36:04]} Nf4
{[%clk 0:54:35]} 19. b3 {[%clk 0:31:34]} Qe7 {[%clk 0:44:46]} 20. Rfe1
{[%clk 0:24:50]} Qf6 {[%clk 0:35:21]} 21. Nh5+ {[%clk 0:21:03]} Nxh5
{[%clk 0:34:45]} 22. Qxh5 {[%clk 0:21:18]} Rfe8 {[%clk 0:33:13]} 23. Re3
{[%clk 0:16:58]} Bxd5 {[%clk 0:29:59]} 24. Rxd5 {[%clk 0:15:29]} Rb4
{[%clk 0:28:33]} 25. Rf5 {[%clk 0:11:24]} Qg6 {[%clk 0:25:16]} 26. Qf3
{[%clk 0:09:56]} Rd4 {[%clk 0:22:20]} 27. h4 {[%clk 0:07:49]} f6 {[%clk 0:11:32]}
 1/2-1/2

[Event "European Senior Team Championship 2021"]
[Site "Don Giovanni hotel, Vinohradska 2733, Prague, Czech Republic"]
[Date "2021.08.30"]
[Round "1"]
[Board "4"]
[White "Motuz, Karol"]
[Black "Taborska, Veronika"]
[Result "1-0"]
[WhiteElo "2323"]
[BlackElo "2002"]
[PlyCount "0"]
[EventDate "2021.08.30"]
[EventType "team"]
[EventRounds "9"]
[EventCountry "ECX"]
[WhiteTeam "SLOVAKIA"]
[BlackTeam "CZECH REPUBLIC WOMEN"]

1. d4 {[%clk 1:30:56]} d5 {[%clk 1:30:45]} 2. c4 {[%clk 1:31:23]} e6
{[%clk 1:30:56]} 3. Nf3 {[%clk 1:31:49]} c6 {[%clk 1:30:36]} 4. e3
{[%clk 1:30:53]} Nf6 {[%clk 1:30:22]} 5. b3 {[%clk 1:30:58]} Be7 {[%clk 1:29:24]}
6. Bd3 {[%clk 1:31:05]} O-O {[%clk 1:28:21]} 7. Nc3 {[%clk 1:29:22]} dxc4
{[%clk 1:27:02]} 8. bxc4 {[%clk 1:28:51]} c5 {[%clk 1:26:00]} 9. d5
{[%clk 1:26:13]} exd5 {[%clk 1:24:03]} 10. cxd5 {[%clk 1:25:44]} Bg4
{[%clk 1:21:19]} 11. O-O {[%clk 1:21:35]} Nbd7 {[%clk 1:14:31]} 12. Be2
{[%clk 1:02:43]} Bxf3 {[%clk 1:02:52]} 13. Bxf3 {[%clk 1:02:34]} Ne5
{[%clk 1:01:59]} 14. Be2 {[%clk 1:01:06]} a6 {[%clk 0:58:09]} 15. a4
{[%clk 0:58:05]} b6 {[%clk 0:55:18]} 16. e4 {[%clk 0:50:40]} Bd6 {[%clk 0:50:22]}
17. f4 {[%clk 0:42:58]} Ng6 {[%clk 0:48:02]} 18. Rb1 {[%clk 0:32:02]} Qc7
{[%clk 0:44:27]} 19. g3 {[%clk 0:30:31]} Rfe8 {[%clk 0:39:06]} 20. Bf3
{[%clk 0:29:00]} Rad8 {[%clk 0:36:05]} 21. Kh1 {[%clk 0:26:41]} h5
{[%clk 0:33:43]} 22. Qb3 {[%clk 0:19:16]} Rb8 {[%clk 0:31:52]} 23. e5
{[%clk 0:17:52]} Nxe5 {[%clk 0:32:06]} 24. fxe5 {[%clk 0:18:16]} Bxe5
{[%clk 0:32:22]} 25. Bg5 {[%clk 0:17:38]} Nh7 {[%clk 0:18:24]} 26. Bf4
{[%clk 0:14:21]} Bxf4 {[%clk 0:12:09]} 27. gxf4 {[%clk 0:14:50]} Re3
{[%clk 0:12:01]} 28. Qc4 {[%clk 0:12:11]} Nf6 {[%clk 0:11:01]} 29. Nd1
{[%clk 0:10:26]} Re7 {[%clk 0:08:39]} 30. Nf2 {[%clk 0:10:12]} Rbe8
{[%clk 0:08:49]} 31. Nd3 {[%clk 0:08:21]} Qd6 {[%clk 0:04:38]} 32. Ne5
{[%clk 0:05:09]} Ng4 {[%clk 0:04:19]} 33. Bxg4 {[%clk 0:04:29]} hxg4
{[%clk 0:04:41]} 34. Qd3 {[%clk 0:03:31]} f6 {[%clk 0:03:49]} 35. Nc4
{[%clk 0:03:43]} Qd7 {[%clk 0:02:50]} 36. Nxb6 {[%clk 0:02:17]} Qd8
{[%clk 0:03:05]} 37. d6 {[%clk 0:02:18]} Re2 {[%clk 0:03:26]} 38. d7
{[%clk 0:02:02]} R8e3 {[%clk 0:03:43]} 39. Qd5+ {[%clk 0:02:10]} Kf8
{[%clk 0:02:54]} 40. Qxc5+ {[%clk 0:02:02]} Re7 {[%clk 0:02:24]} 41. Rfe1
{[%clk 0:00:49]}  1-0

[Event "European Senior Team Championship 2021"]
[Site "Don Giovanni hotel, Vinohradska 2733, Prague, Czech Republic"]
[Date "2021.08.30"]
[Round "1"]
[Board "1"]
[White "Nudcenko, Karel"]
[Black "Papacek, Stepan"]
[Result "1/2-1/2"]
[WhiteElo "2033"]
[BlackElo "2256"]
[PlyCount "0"]
[EventDate "2021.08.30"]
[EventType "team"]
[EventRounds "9"]
[EventCountry "ECX"]
[WhiteTeam "TJ SOKOL UDLICE"]
[BlackTeam "SK SLAVOJ LITOMERICE"]

1. e4 {[%clk 1:30:56]} e5 {[%clk 1:30:08]} 2. Nf3 {[%clk 1:31:12]} Nc6
{[%clk 1:30:36]} 3. Bb5 {[%clk 1:31:21]} Bc5 {[%clk 1:30:37]} 4. c3
{[%clk 1:28:16]} Nf6 {[%clk 1:28:13]} 5. O-O {[%clk 1:17:51]} O-O
{[%clk 1:27:52]} 6. d4 {[%clk 1:16:45]} Bb6 {[%clk 1:27:27]} 7. Bg5
{[%clk 1:10:05]} d6 {[%clk 1:25:28]} 8. Bxc6 {[%clk 1:03:27]} bxc6
{[%clk 1:25:41]} 9. dxe5 {[%clk 1:03:47]} dxe5 {[%clk 1:26:03]} 10. Qxd8
{[%clk 0:55:50]} Rxd8 {[%clk 1:23:32]} 11. Na3 {[%clk 0:55:54]} Re8
{[%clk 1:14:53]} 12. Bxf6 {[%clk 0:54:40]} gxf6 {[%clk 1:15:17]} 13. Nc4
{[%clk 0:54:55]} Ba6 {[%clk 1:12:42]} 14. Nxb6 {[%clk 0:48:06]} axb6
{[%clk 1:12:49]} 15. Rfe1 {[%clk 0:44:29]} Red8 {[%clk 1:11:29]} 16. a4
{[%clk 0:39:54]} c5 {[%clk 0:54:35]} 17. b4 {[%clk 0:28:58]} cxb4
{[%clk 0:54:24]} 18. cxb4 {[%clk 0:29:27]} c5 {[%clk 0:54:37]} 19. bxc5
{[%clk 0:29:30]} bxc5 {[%clk 0:55:05]} 20. Rec1 {[%clk 0:28:41]} Bd3
{[%clk 0:43:27]} 21. Rxc5 {[%clk 0:26:58]} Bxe4 {[%clk 0:43:45]} 22. Ne1
{[%clk 0:26:21]} Rd5 {[%clk 0:35:39]} 23. Rxd5 {[%clk 0:25:17]} Bxd5
{[%clk 0:36:07]} 24. a5 {[%clk 0:25:16]} Kf8 {[%clk 0:35:02]} 25. Nc2
{[%clk 0:23:40]} Ke7 {[%clk 0:34:12]} 26. Ne3 {[%clk 0:22:28]} Be6
{[%clk 0:33:04]} 27. f4 {[%clk 0:18:45]} exf4 {[%clk 0:32:11]} 28. Nc2
{[%clk 0:18:16]} Kd6 {[%clk 0:32:04]} 29. Kf2 {[%clk 0:16:12]} Bd5
{[%clk 0:24:48]} 30. Ne1 {[%clk 0:13:38]} Be4 {[%clk 0:22:30]} 31. Ra4
{[%clk 0:12:06]} f5 {[%clk 0:21:53]} 32. Ra3 {[%clk 0:12:03]} Kc5
{[%clk 0:14:15]} 33. Nd3+ {[%clk 0:10:11]}  1/2-1/2

[Event "European Senior Team Championship 2021"]
[Site "Don Giovanni hotel, Vinohradska 2733, Prague, Czech Republic"]
[Date "2021.08.30"]
[Round "1"]
[Board "2"]
[White "Bartos, Jan"]
[Black "Mazanek, Kamil"]
[Result "1-0"]
[WhiteElo "2112"]
[BlackElo "2070"]
[PlyCount "0"]
[EventDate "2021.08.30"]
[EventType "team"]
[EventRounds "9"]
[EventCountry "ECX"]
[WhiteTeam "SK SLAVOJ LITOMERICE"]
[BlackTeam "TJ SOKOL UDLICE"]

1. d4 {[%clk 1:30:56]} d5 {[%clk 1:30:37]} 2. c4 {[%clk 1:31:20]} e6
{[%clk 1:30:36]} 3. Nf3 {[%clk 1:31:46]} Nf6 {[%clk 1:30:27]} 4. Nc3
{[%clk 1:32:09]} Be7 {[%clk 1:29:20]} 5. Bf4 {[%clk 1:32:34]} O-O
{[%clk 1:28:56]} 6. e3 {[%clk 1:33:00]} c5 {[%clk 1:13:06]} 7. dxc5
{[%clk 1:32:35]} dxc4 {[%clk 1:12:20]} 8. Qc2 {[%clk 1:32:43]} Nc6
{[%clk 1:08:04]} 9. a3 {[%clk 1:32:43]} Bxc5 {[%clk 1:07:14]} 10. Bxc4
{[%clk 1:33:06]} a6 {[%clk 1:05:29]} 11. O-O {[%clk 1:33:28]} Qe7
{[%clk 1:01:56]} 12. Rfd1 {[%clk 1:32:10]} Rd8 {[%clk 0:53:53]} 13. Rxd8+
{[%clk 1:32:17]} Qxd8 {[%clk 0:54:21]} 14. Rd1 {[%clk 1:32:40]} Qe8
{[%clk 0:54:20]} 15. Bd3 {[%clk 1:23:01]} Be7 {[%clk 0:49:02]} 16. Na4
{[%clk 1:15:43]} Bd8 {[%clk 0:44:00]} 17. Ng5 {[%clk 1:09:50]} h6
{[%clk 0:43:24]} 18. Ne4 {[%clk 1:09:57]} Nd5 {[%clk 0:36:31]} 19. Nd6
{[%clk 1:05:50]} Qf8 {[%clk 0:36:14]} 20. Bg3 {[%clk 1:05:05]} Nb6
{[%clk 0:27:40]} 21. Bh7+ {[%clk 0:58:04]} Kh8 {[%clk 0:28:01]} 22. Nxf7+
{[%clk 0:58:23]} Qxf7 {[%clk 0:27:16]} 23. Rxd8+ {[%clk 0:58:47]} Nxd8
{[%clk 0:27:09]} 24. Nxb6 {[%clk 0:59:12]}  1-0

[Event "European Senior Team Championship 2021"]
[Site "Don Giovanni hotel, Vinohradska 2733, Prague, Czech Republic"]
[Date "2021.08.30"]
[Round "1"]
[Board "3"]
[White "Koblasa, Josef"]
[Black "Kozak, Milos"]
[Result "1/2-1/2"]
[WhiteElo "1929"]
[BlackElo "2103"]
[PlyCount "0"]
[EventDate "2021.08.30"]
[EventType "team"]
[EventRounds "9"]
[EventCountry "ECX"]
[WhiteTeam "TJ SOKOL UDLICE"]
[BlackTeam "SK SLAVOJ LITOMERICE"]

1. c4 {[%clk 1:30:57]} e6 {[%clk 1:30:53]} 2. Nc3 {[%clk 1:31:21]} d5
{[%clk 1:30:41]} 3. cxd5 {[%clk 1:30:48]} exd5 {[%clk 1:31:04]} 4. d4
{[%clk 1:30:59]} Nf6 {[%clk 1:30:47]} 5. Bg5 {[%clk 1:30:54]} c6 {[%clk 1:30:30]}
6. Nf3 {[%clk 1:30:00]} Be7 {[%clk 1:29:53]} 7. e3 {[%clk 1:29:49]} Bf5
{[%clk 1:28:11]} 8. Bd3 {[%clk 1:29:17]} Bxd3 {[%clk 1:28:31]} 9. Qxd3
{[%clk 1:29:42]} Nbd7 {[%clk 1:28:50]} 10. a3 {[%clk 1:22:51]} a5
{[%clk 1:27:46]} 11. O-O {[%clk 1:18:45]} O-O {[%clk 1:28:03]} 12. Rfc1
{[%clk 1:16:19]} Ne4 {[%clk 1:25:59]} 13. Bxe7 {[%clk 1:15:37]} Qxe7
{[%clk 1:26:23]} 14. Nd2 {[%clk 1:09:24]} f5 {[%clk 1:24:44]} 15. f3
{[%clk 1:07:12]} Nxd2 {[%clk 1:20:17]} 16. Qxd2 {[%clk 1:07:34]} Rf6
{[%clk 1:08:30]} 17. Nd1 {[%clk 0:59:55]} Nb6 {[%clk 1:04:48]} 18. b3
{[%clk 0:54:51]} a4 {[%clk 0:51:55]} 19. Qb4 {[%clk 0:44:21]} Qxb4
{[%clk 0:46:22]} 20. axb4 {[%clk 0:44:44]} axb3 {[%clk 0:46:30]} 21. Rxa8+
{[%clk 0:44:26]} Nxa8 {[%clk 0:46:59]} 22. Rb1 {[%clk 0:43:59]} Nc7
{[%clk 0:36:53]}  1/2-1/2

[Event "European Senior Team Championship 2021"]
[Site "Don Giovanni hotel, Vinohradska 2733, Prague, Czech Republic"]
[Date "2021.08.30"]
[Round "1"]
[Board "4"]
[White "Sura, Jaroslav"]
[Black "Kozak, Karel"]
[Result "1-0"]
[WhiteElo "2004"]
[BlackElo "1859"]
[PlyCount "0"]
[EventDate "2021.08.30"]
[EventType "team"]
[EventRounds "9"]
[EventCountry "ECX"]
[WhiteTeam "SK SLAVOJ LITOMERICE"]
[BlackTeam "TJ SOKOL UDLICE"]

1. f4 {[%clk 1:30:57]} d6 {[%clk 1:30:10]} 2. Nf3 {[%clk 1:30:54]} g6
{[%clk 1:30:14]} 3. e4 {[%clk 1:29:03]} Nf6 {[%clk 1:27:45]} 4. Nc3
{[%clk 1:28:59]} Bg7 {[%clk 1:28:01]} 5. d4 {[%clk 1:28:40]} O-O {[%clk 1:25:02]}
6. Bd3 {[%clk 1:27:00]} c6 {[%clk 1:19:27]} 7. a4 {[%clk 1:23:03]} a5
{[%clk 1:18:46]} 8. O-O {[%clk 1:21:16]} Na6 {[%clk 1:17:17]} 9. Kh1
{[%clk 1:19:18]} Nb4 {[%clk 1:14:47]} 10. Be2 {[%clk 1:15:10]} Bd7
{[%clk 1:07:34]} 11. Be3 {[%clk 1:03:27]} Qc7 {[%clk 1:02:34]} 12. Nh4
{[%clk 0:59:07]} d5 {[%clk 0:50:53]} 13. e5 {[%clk 0:53:39]} Ne4 {[%clk 0:39:12]}
14. f5 {[%clk 0:52:22]} Qd8 {[%clk 0:28:42]} 15. Nxe4 {[%clk 0:50:29]} dxe4
{[%clk 0:28:55]} 16. Qd2 {[%clk 0:50:21]} Nd5 {[%clk 0:19:57]} 17. Bh6
{[%clk 0:50:09]} e3 {[%clk 0:18:43]} 18. Bxe3 {[%clk 0:50:32]} Nxe3
{[%clk 0:19:05]} 19. Qxe3 {[%clk 0:50:58]} b5 {[%clk 0:15:06]} 20. axb5
{[%clk 0:36:58]} cxb5 {[%clk 0:15:24]} 21. c4 {[%clk 0:35:45]} bxc4
{[%clk 0:12:49]} 22. Bxc4 {[%clk 0:35:56]} gxf5 {[%clk 0:10:04]} 23. e6
{[%clk 0:29:04]} Bc8 {[%clk 0:04:27]} 24. exf7+ {[%clk 0:28:47]} Kh8
{[%clk 0:04:55]} 25. Ng6+ {[%clk 0:28:35]}  1-0

[Event "European Senior Team Championship 2021"]
[Site "Don Giovanni hotel, Vinohradska 2733, Prague, Czech Republic"]
[Date "2021.08.30"]
[Round "1"]
[Board "1"]
[White "Svanda, Pavel"]
[Black "Kachiani-Gersinska, Ketino"]
[Result "1-0"]
[WhiteElo "2081"]
[BlackElo "2318"]
[PlyCount "0"]
[EventDate "2021.08.30"]
[EventType "team"]
[EventRounds "9"]
[EventCountry "ECX"]
[WhiteTeam "KSS VYSOCINA"]
[BlackTeam "GERMANY 1 WOMEN"]

1. e4 {[%clk 1:30:52]} e5 {[%clk 1:30:53]} 2. Nf3 {[%clk 1:31:14]} Nc6
{[%clk 1:31:15]} 3. d3 {[%clk 1:31:04]} Nf6 {[%clk 1:29:46]} 4. Be2
{[%clk 1:30:23]} Be7 {[%clk 1:25:08]} 5. O-O {[%clk 1:30:13]} d5 {[%clk 1:23:10]}
6. Nbd2 {[%clk 1:30:19]} O-O {[%clk 1:23:00]} 7. c3 {[%clk 1:30:41]} a5
{[%clk 1:21:55]} 8. Re1 {[%clk 1:26:21]} Bg4 {[%clk 1:09:43]} 9. Qc2
{[%clk 1:25:59]} Qd7 {[%clk 1:04:36]} 10. Nf1 {[%clk 1:25:12]} d4
{[%clk 0:55:39]} 11. Bg5 {[%clk 1:19:59]} h6 {[%clk 0:50:32]} 12. Bh4
{[%clk 1:18:29]} Rfd8 {[%clk 0:49:14]} 13. Rad1 {[%clk 1:18:33]} Nh5
{[%clk 0:39:59]} 14. Bg3 {[%clk 1:09:14]} Nxg3 {[%clk 0:37:20]} 15. Nxg3
{[%clk 1:09:27]} a4 {[%clk 0:37:12]} 16. h3 {[%clk 1:03:54]} Be6 {[%clk 0:31:12]}
17. c4 {[%clk 1:03:45]} a3 {[%clk 0:28:52]} 18. b3 {[%clk 1:01:32]} Bb4
{[%clk 0:24:17]} 19. Rf1 {[%clk 1:01:49]} Bc3 {[%clk 0:23:51]} 20. Qb1
{[%clk 1:01:36]} Rdb8 {[%clk 0:18:52]} 21. Nh2 {[%clk 1:01:25]} b5
{[%clk 0:18:40]} 22. Bg4 {[%clk 1:01:39]} bxc4 {[%clk 0:17:22]} 23. dxc4
{[%clk 1:02:03]} Na5 {[%clk 0:13:54]} 24. Ne2 {[%clk 0:56:26]} Bb2
{[%clk 0:10:53]} 25. Bxe6 {[%clk 0:43:29]} Qxe6 {[%clk 0:10:05]} 26. Nf3
{[%clk 0:43:50]} c5 {[%clk 0:04:13]} 27. Ne1 {[%clk 0:32:42]} Qg6
{[%clk 0:03:37]} 28. f3 {[%clk 0:29:10]} Qg5 {[%clk 0:03:10]} 29. Nd3
{[%clk 0:25:45]} Qe3+ {[%clk 0:03:11]} 30. Rf2 {[%clk 0:26:09]} Nxb3
{[%clk 0:03:12]} 31. axb3 {[%clk 0:26:16]} Rxb3 {[%clk 0:03:00]} 32. Qc2
{[%clk 0:25:56]} Rbb8 {[%clk 0:01:50]} 33. Nec1 {[%clk 0:17:41]} a2
{[%clk 0:01:39]} 34. Nxa2 {[%clk 0:18:06]} Rxa2 {[%clk 0:02:03]} 35. Kh2
{[%clk 0:18:16]} Ra1 {[%clk 0:02:05]} 36. Re2 {[%clk 0:18:17]} Qg5
{[%clk 0:01:39]} 37. Rb1 {[%clk 0:16:08]} Rba8 {[%clk 0:00:53]} 38. Rxb2
{[%clk 0:14:21]} R8a3 {[%clk 0:00:53]} 39. Re1 {[%clk 0:02:50]} Rxe1
{[%clk 0:00:48]} 40. Nxe1 {[%clk 0:03:16]} Qf4+ {[%clk 0:01:08]} 41. Kg1
{[%clk 0:29:50]} Ra1 {[%clk 0:24:42]} 42. Kf1 {[%clk 0:26:42]} Rc1
{[%clk 0:15:22]} 43. Qe2 {[%clk 0:18:36]} Qg3 {[%clk 0:13:11]} 44. Rd2
{[%clk 0:17:21]} Kh7 {[%clk 0:07:03]} 45. Rd1 {[%clk 0:11:50]} Rc3
{[%clk 0:07:31]} 46. Qd2 {[%clk 0:11:04]} Rxc4 {[%clk 0:06:33]} 47. Rc1
{[%clk 0:11:27]} Rb4 {[%clk 0:04:03]} 48. Rxc5 {[%clk 0:11:45]} Rb3
{[%clk 0:04:27]} 49. Rc7 {[%clk 0:09:22]} Qg6 {[%clk 0:04:44]} 50. Qc2
{[%clk 0:05:48]} Re3 {[%clk 0:01:45]} 51. Qc4 {[%clk 0:02:49]} Qg3
{[%clk 0:01:42]} 52. Nd3 {[%clk 0:02:56]} f6 {[%clk 0:01:07]} 53. Ra7
{[%clk 0:02:23]} Qh2 {[%clk 0:01:06]} 54. Qc8 {[%clk 0:02:15]} Qg3
{[%clk 0:00:56]} 55. Qf5+ {[%clk 0:02:37]} Qg6 {[%clk 0:01:21]} 56. Qxg6+
{[%clk 0:02:43]} Kxg6 {[%clk 0:01:49]} 57. Nc5 {[%clk 0:02:37]} Rc3
{[%clk 0:01:02]} 58. Ne6 {[%clk 0:03:00]} d3 {[%clk 0:01:04]} 59. Rxg7+
{[%clk 0:03:22]} Kh5 {[%clk 0:01:33]} 60. Rd7 {[%clk 0:03:34]} Kh4
{[%clk 0:01:50]} 61. Kg1 {[%clk 0:03:29]} Kg3 {[%clk 0:00:59]} 62. Rg7+
{[%clk 0:03:55]} Kh4 {[%clk 0:01:24]} 63. Rg4+ {[%clk 0:04:02]}  1-0

[Event "European Senior Team Championship 2021"]
[Site "Don Giovanni hotel, Vinohradska 2733, Prague, Czech Republic"]
[Date "2021.08.30"]
[Round "1"]
[Board "2"]
[White "Spiel, Marianne"]
[Black "Miculka, Petr"]
[Result "0-1"]
[WhiteElo "1869"]
[BlackElo "2081"]
[PlyCount "0"]
[EventDate "2021.08.30"]
[EventType "team"]
[EventRounds "9"]
[EventCountry "ECX"]
[WhiteTeam "GERMANY 1 WOMEN"]
[BlackTeam "KSS VYSOCINA"]

1. e4 {[%clk 1:30:56]} c5 {[%clk 1:30:44]} 2. Nf3 {[%clk 1:31:20]} Nc6
{[%clk 1:30:52]} 3. d4 {[%clk 1:31:40]} cxd4 {[%clk 1:31:17]} 4. Nxd4
{[%clk 1:32:04]} Nf6 {[%clk 1:31:31]} 5. Nc3 {[%clk 1:32:22]} e5 {[%clk 1:31:43]}
6. Ndb5 {[%clk 1:32:10]} d6 {[%clk 1:31:58]} 7. Bg5 {[%clk 1:32:17]} a6
{[%clk 1:32:14]} 8. Na3 {[%clk 1:32:33]} b5 {[%clk 1:32:39]} 9. Bxf6
{[%clk 1:32:19]} gxf6 {[%clk 1:33:02]} 10. Nd5 {[%clk 1:32:37]} Bg7
{[%clk 1:32:45]} 11. c3 {[%clk 1:31:44]} f5 {[%clk 1:30:28]} 12. exf5
{[%clk 1:30:10]} Bxf5 {[%clk 1:29:49]} 13. Nc2 {[%clk 1:30:02]} O-O
{[%clk 1:27:47]} 14. Nce3 {[%clk 1:29:23]} Be6 {[%clk 1:24:36]} 15. Bd3
{[%clk 1:27:54]} f5 {[%clk 1:16:20]} 16. Qh5 {[%clk 1:25:41]} e4 {[%clk 1:11:54]}
17. Bc2 {[%clk 1:23:39]} b4 {[%clk 0:55:55]} 18. O-O {[%clk 1:13:43]} Be5
{[%clk 0:34:20]} 19. f3 {[%clk 1:06:14]} Ra7 {[%clk 0:31:10]} 20. fxe4
{[%clk 0:53:54]} f4 {[%clk 0:27:47]} 21. Ng4 {[%clk 0:51:21]} Rg7
{[%clk 0:23:38]} 22. Nxe5 {[%clk 0:41:25]} Nxe5 {[%clk 0:22:40]} 23. Kh1
{[%clk 0:08:49]} Bg4 {[%clk 0:19:45]} 24. Qh6 {[%clk 0:07:05]} Rg6
{[%clk 0:18:56]} 25. Qxf8+ {[%clk 0:06:26]} Kxf8 {[%clk 0:16:36]} 26. Rxf4+
{[%clk 0:06:46]} Kg7 {[%clk 0:16:49]} 27. cxb4 {[%clk 0:04:09]} Qg5
{[%clk 0:13:23]} 28. Rf2 {[%clk 0:03:55]} Qh4 {[%clk 0:11:51]} 29. Raf1
{[%clk 0:03:19]} Be6 {[%clk 0:10:40]} 30. Nf4 {[%clk 0:02:58]} Ng4
{[%clk 0:08:52]} 31. Nxe6+ {[%clk 0:02:28]} Rxe6 {[%clk 0:09:16]} 32. Rf7+
{[%clk 0:02:38]} Kh6 {[%clk 0:08:52]} 33. h3 {[%clk 0:02:01]} Ne3
{[%clk 0:08:12]}  0-1